<?xml version="1.0" encoding="UTF-8"?><?xml-stylesheet type="text/xsl" href="static/style.xsl"?><OAI-PMH xmlns="http://www.openarchives.org/OAI/2.0/" xmlns:xsi="http://www.w3.org/2001/XMLSchema-instance" xsi:schemaLocation="http://www.openarchives.org/OAI/2.0/ http://www.openarchives.org/OAI/2.0/OAI-PMH.xsd"><responseDate>2026-06-06T00:55:59Z</responseDate><request verb="GetRecord" identifier="oai:riuma.uma.es:10630/4320" metadataPrefix="marc">https://riuma.uma.es/rest/oai/request</request><GetRecord><record><header><identifier>oai:riuma.uma.es:10630/4320</identifier><datestamp>2026-02-03T12:50:29Z</datestamp><setSpec>com_10630_27</setSpec><setSpec>com_10630_3139</setSpec><setSpec>com_10630_10</setSpec><setSpec>col_10630_4290</setSpec></header><metadata><record xmlns="http://www.loc.gov/MARC21/slim" xmlns:dcterms="http://purl.org/dc/terms/" xmlns:doc="http://www.lyncode.com/xoai" xmlns:xsi="http://www.w3.org/2001/XMLSchema-instance" xsi:schemaLocation="http://www.loc.gov/MARC21/slim http://www.loc.gov/standards/marcxml/schema/MARC21slim.xsd">
   <leader>00925njm 22002777a 4500</leader>
   <datafield ind2=" " ind1=" " tag="042">
      <subfield code="a">dc</subfield>
   </datafield>
   <datafield ind2=" " ind1=" " tag="720">
      <subfield code="a">Benmahioul, Benamar</subfield>
      <subfield code="e">author</subfield>
   </datafield>
   <datafield ind2=" " ind1=" " tag="720">
      <subfield code="a">Khelil, Bouâmama</subfield>
      <subfield code="e">author</subfield>
   </datafield>
   <datafield ind2=" " ind1=" " tag="720">
      <subfield code="a">Kaïd-Harche, Meriem</subfield>
      <subfield code="e">author</subfield>
   </datafield>
   <datafield ind2=" " ind1=" " tag="720">
      <subfield code="a">Daguin, Florence</subfield>
      <subfield code="e">author</subfield>
   </datafield>
   <datafield ind2=" " ind1=" " tag="260">
      <subfield code="c">2010</subfield>
   </datafield>
   <datafield ind2=" " ind1=" " tag="520">
      <subfield code="a">Étude de la germination et de l’effet du substrat sur la croissance de jeunes semis de Pistacia&#xd;
vera L. Des études sur la germination et la croissance de jeunes semis de Pistacia vera L ont été conduites&#xd;
au laboratoire et en serre. Elles ont consisté en des tests de germination et, au suivi de la croissance des&#xd;
plantules sur différents substrats. Les résultats obtenus ont révélé que les meilleurs taux de germination ont&#xd;
été enregistrés avec le lot des graines sans téguments. De plus, le semis direct dans le sable a amélioré les&#xd;
résultats mais la vitesse de germination se trouve ralentie. D’un autre coté, un effet marqué de la nature du&#xd;
substrat sur la croissance en hauteur et en diamètre des tiges ainsi que la longueur du système racinaire a&#xd;
été constaté. Les meilleurs résultats ont été enregistrés avec le substrat – sable et le mélange sable/tourbe.</subfield>
   </datafield>
   <datafield ind1="8" ind2=" " tag="024">
      <subfield code="a">Acta Botánica Malacitana, Nº35, 2010, Págs. 107-114</subfield>
   </datafield>
   <datafield ind1="8" ind2=" " tag="024">
      <subfield code="a">02109506</subfield>
   </datafield>
   <datafield ind1="8" ind2=" " tag="024">
      <subfield code="a">http://hdl.handle.net/10630/4320</subfield>
   </datafield>
   <datafield tag="653" ind2=" " ind1=" ">
      <subfield code="a">Germinación</subfield>
   </datafield>
   <datafield tag="653" ind2=" " ind1=" ">
      <subfield code="a">Anacardiáceas - Argelia</subfield>
   </datafield>
   <datafield ind2="0" ind1="0" tag="245">
      <subfield code="a">Étude de la germination et de l’effet du substrat sur la croissance de jeunes semis de I L. Germination study and substrate effect on the growth of young seedlings of Pistacia vera L.</subfield>
   </datafield>
</record>
</metadata></record></GetRecord></OAI-PMH>